ひらがな四文字の駅 - Statistics

General Stats
  • This quiz has been taken 41 times
  • The average score is 5 of 14
Answer Stats
都道府県 Answer % Correct
北海道 さっぽろ
56%
愛知県 いりなか
50%
高知県 あかおか
47%
熊本県 あさぎり
44%
大阪府 なかもず
44%
埼玉県 つきのわ
42%
静岡県 ひらんだ
42%
新潟県 まつだい
42%
北海道 すすきの
36%
茨城県 みどりの
36%
高知県 よしかわ
31%
宮城県 あぶくま
28%
山形県 おりはた
14%
長崎県 いのつき
11%
No matching quizzes found
Score Distribution
Percent of People with Each Score
Percentile by Number Answered
Your Score History
You have not taken this quiz